000
00310nam a2200121 a 4500
005
20140414094325.0
008
100616s19uu xx uuu eng d
050
_a
899.2103
_b
RIZ #5
100
_a
Rizal, Jose
245
_a
Noli me tangere :
_b
nagdidilim ang langit (5).
942
_c
AVM
_2
lcc
999
_c
109664
_d
109664